Obálka Náhled e-knihy:
PDF Epub
Pro půjčování e-knih musíte být přihlášeni.
Jak si půjčit online?

HIT : kompletní průvodce histaminovou intolerancí /

Základní seznámení s málo známou, ale poměrně rozšířenou nemoci.

Uloženo v:
Hlavní autor: Gibb, James L. (Autor)
Další autoři: Pachlová, Petra, 1970- (Autor)
Médium: E-kniha
Jazyk:Czech
Vydáno: V Praze : Vyšehrad, 2023
Vydání:Vydání první
Témata:
Tagy:
Žádné tagy
LEADER 02812cam a2200601 i 4500
001 311944
003 CZ PrSKC
005 20260601215714.0
007 ta
008 230525s2023 xr e f 001 0 cze d
015 |a cnb003522581 
020 |a 9788076018129  |q (brožováno) :  |c Kč 399,00 
035 |a (OCoLC)1389729728 
040 |a KLG001  |b cze  |d OLA001  |e rda 
041 1 |a cze  |h eng 
072 7 |a 616  |x Patologie. Klinická medicína  |2 Konspekt 
080 |a 616-021.483:547.781  |2 MRF 
080 |a 577.175.8  |2 MRF 
080 |a 615.874.2  |2 MRF 
080 |a 613.2  |2 MRF 
080 |a (0.062)  |2 MRF 
080 |a (083.12)  |2 MRF 
100 1 |a Gibb, James L.  |7 xx0302005  |4 aut 
240 1 0 |a Is food making you sick?.  |l Česky 
245 1 0 |a HIT :  |b kompletní průvodce histaminovou intolerancí /  |c James L. Gibb ; z anglického originálu Is food making you sick? ... přeložila Petra Pachlová 
250 |a Vydání první 
264 1 |a V Praze :  |b Vyšehrad,  |c 2023 
300 |a 264 stran ;  |c 21 cm 
336 |a text  |b txt  |2 rdacontent 
337 |a bez média  |b n  |2 rdamedia 
338 |a svazek  |b nc  |2 rdacarrier 
500 |a Terminologický slovník 
504 |a Obsahuje bibliografii, bibliografické odkazy a rejstřík 
520 2 |a Základní seznámení s málo známou, ale poměrně rozšířenou nemoci.  |b Histaminová intolerance (HIT) postihuje mnohé z nás, i když leckdy ani nevíme, že ji máme. Příručka informuje o příčinách vzniku onemocnění i symptomech a možnostech léčby. Přináší seznam potravin s nízkým obsahem histaminu a více než 150 receptů od předkrmů až po dezerty. Nakladatelská anotace. Kráceno. 
650 0 7 |a histaminová intolerance  |7 ph1118727  |2 czenas 
650 0 7 |a histamin  |7 ph120706  |2 czenas 
650 0 7 |a dietoterapie  |7 ph119436  |2 czenas 
650 0 7 |a racionální výživa  |7 ph124968  |2 czenas 
650 0 9 |a histamine intolerance  |2 eczenas 
650 0 9 |a histamine  |2 eczenas 
650 0 9 |a dietotherapy  |2 eczenas 
650 0 9 |a rational nutrition  |2 eczenas 
655 7 |a populárně-naučné publikace  |7 fd131864  |2 czenas 
655 7 |a kuchařské recepty  |7 fd132687  |2 czenas 
655 9 |a popular works  |2 eczenas 
655 9 |a cookbooks  |2 eczenas 
700 1 |a Pachlová, Petra,  |d 1970-  |7 xx0070502  |4 trl 
900 |a ABA001  |b 20 
928 9 |a Albatros Media - Vyšehrad 
044 |a xr 
910 |a RBIT002 
998 |d 376576  |a https://core.palmknihy.cz/api/books/376576/cover?si8d3u  |b https://core.palmknihy.cz/api/books/376576/cover/400?si8d3u  |c https://core.palmknihy.cz/api/books/376576/cover/50?si8d3u  |e 2031-07-29  |g 272  |i 9788076018129  |j https://core.palmknihy.cz/api/books/376576/preview.epub  |k https://core.palmknihy.cz/api/books/376576/preview.pdf  |l   |q 49  |r 1  |s https://www.palmknihy.cz/kniha/376576  |t ebook  |y 2023  |z 0 
999 |d 311942